书目信息 |
| 题名: |
线性代数复习指导
|
|
| 作者: | 陈宝根 著 | |
| 分册: | ||
| 出版信息: | 北京 科学出版社 1999.08 |
|
| 页数: | 153页 | |
| 开本: | 32开 | |
| 丛书名: | ||
| 单 册: | ||
| 中图分类: | O151.2 | |
| 科图分类: | ||
| 主题词: | 代数 , 数论 , 组合数学 | |
| 电子资源: | ||
| ISBN: | 7-03-007625-7 | |
| 000 | 00586nam0 2200217 45 | |
| 001 | 0009041532 | |
| 005 | 20001201093835.8 | |
| 010 | @a7-03-007625-7@d9.00元 | |
| 100 | @a20000904d1999 km y0chiy0120 ea | |
| 101 | 0 | @achi |
| 105 | @a z 000yy | |
| 200 | 1 | @a线性代数复习指导@AXian Xing Dai Shu Fu Xi Zhi Dao@f陈宝根著@FChen Bao Gen Zhu |
| 210 | @a北京@c科学出版社@d1999.08 | |
| 215 | @a153页@d32开 | |
| 606 | 0 | @a代数 |
| 606 | 0 | @a数论 |
| 606 | 0 | @a组合数学 |
| 690 | @aO151.2@v3 | |
| 701 | 0 | @a陈宝根@4著 |
| 801 | @aCN@bPftUser@c20000904 | |
| 905 | @dO151.2@eCH261@b508997-000@f4 | |
| 线性代数复习指导/陈宝根著.-北京:科学出版社,1999.08 |
| 153页;32开 |
| ISBN 7-03-007625-7:9.00元 |
| ● |
| 相关链接 |
|
|
|
正题名:线性代数复习指导
索取号:O151.2/CH261
 
预约/预借
| 序号 | 登录号 | 条形码 | 馆藏地/架位号 | 状态 | 备注 |
| 1 | 508997 | 205089973 | 自科二线504/504自科库 50排5列5层/ [索取号:O151.2/CH261] | 在馆 | |
| 2 | 508998 | 205089982 | 自科二线504/504自科库 50排5列5层/ [索取号:O151.2/CH261] | 在馆 | |
| 3 | 508999 | 205089991 | 自科二线504/504自科库 50排5列5层/ [索取号:O151.2/CH261] | 在馆 | |
| 4 | 509000 | 205090006 | 自科二线504/504自科库 50排5列5层/ [索取号:O151.2/CH261] | 在馆 |